Statistics for All Starting NFL Quarterbacks of the 2023-2024 Season

Click here to take the quiz!

General Stats

  • This quiz has been taken 168 times
  • The average score is 46 of 67

Answer Stats

HintAnswer% Correct
Cincinnati BengalsJoe Burrow
96%
Baltimore RavensLamar Jackson
96%
Buffalo BillsJosh Allen
95%
Chicago BearsJustin Fields
93%
Detroit LionsJared Goff
92%
Arizona CardinalsKyler Murray
92%
Kansas City ChiefsPatrick Mahomes
92%
Houston TexansCJ Stroud
91%
Los Angeles RamsMatthew Stafford
91%
Denver BroncosRussell Wilson
91%
Cleveland BrownsDeshaun Watson
90%
New York JetsZach Wilson
90%
Dallas CowboysDak Prescott
88%
Cleveland BrownsJoe Flacco
88%
Jacksonville JaguarsTrevor Lawrence
88%
Green Bay PackersJordan Love
87%
Miami DolphinsTua Tagovailoa
87%
Los Angeles ChargersJustin Herbert
86%
Carolina PanthersBryce Young
85%
New York JetsAaron Rodgers
84%
Minnesota VikingsKirk Cousins
84%
San Francisco 49ersBrock Purdy
83%
New Orleans SaintsDerek Carr
83%
New England PatriotsMac Jones
83%
Minnesota VikingsJoshua Dobbs
82%
Arizona CardinalsJoshua Dobbs
82%
Indianapolis ColtsAnthony Richardson
80%
Seattle SeahawksGeno Smith
80%
Philadelphia EaglesJalen Hurts
80%
New York GiantsDaniel Jones
79%
Tampa Bay BuccaneersBaker Mayfield
78%
Indianapolis ColtsGardner Minshew
77%
Cincinnati BengalsJake Browning
77%
Pittsburgh SteelersKenny Pickett
77%
Las Vegas RaidersJimmy Garoppolo
74%
Atlanta FalconsDesmond Ridder
69%
Washington CommandersSam Howell
68%
New England PatriotsBailey Zappe
67%
Pittsburgh SteelersMason Rudolph
66%
Baltimore RavensTyler Huntley
66%
Tennessee TitansWill Levis
66%
Tennessee TitansRyan Tannehill
65%
Las Vegas RaidersAidan O'Connell
62%
New York GiantsTommy Devito
62%
New York GiantsTyrod Taylor
61%
Seattle SeahawksDrew Lock
58%
San Francisco 49ersSam Darnold
58%
Cleveland BrownsDorian Thompson-Robinson
54%
Minnesota VikingsNick Mullens
53%
Los Angeles RamsCarson Wentz
52%
Los Angeles ChargersEaston Stick
51%
Pittsburgh SteelersMitch Trubisky
51%
Carolina PanthersAndy Dalton
50%
Atlanta FalconsTaylor Heinicke
48%
Denver BroncosJarrett Stidham
47%
Chicago BearsTyson Bagent
45%
New York JetsTrevor Siemian
40%
Cleveland BrownsPJ Walker
38%
Minnesota VikingsJaren Hall
36%
Jacksonville JaguarsCJ Beathard
35%
Houston TexansCase Keenum
34%
New York JetsTim Boyle
34%
Arizona CardinalsClayton Tune
31%
Kansas City ChiefsBlaine Gabbert
29%
Los Angeles RamsBrett Rypien
24%
Las Vegas RaidersBrian Hoyer
23%
Cleveland BrownsJeff Driskel
18%

Score Distribution

Percentile by Number Answered

Percent of People with Each Score

Your Score History

You have not taken this quiz